लोड हो रहा है...

Bhumiyolam cheruthaya karyanal

ग्रंथसूची विवरण
मुख्य लेखक: Jayadev, V.
स्वरूप: Printed Book
भाषा:English
प्रकाशित: Kottayam DCB 1987
LEADER 00462nam a22001457a 4500
005 20151026130407.0
008 091110t xxu||||| |||| 00| 0 eng d
080 |a FM  |b JAYV/B 
100 |a Jayadev, V.  |9 9427 
245 |a Bhumiyolam cheruthaya karyanal 
260 |a Kottayam  |b DCB  |c 1987  |9 9428 
300 |a 135p. 
942 |c BK  |6 _ 
999 |c 4363  |d 4363 
952 |0 0  |1 0  |2 udc  |4 0  |6 FM_JAYVB  |7 0  |9 15571  |a UL  |b UL  |d 2009-11-10  |l 1  |o FM JAYV/B  |p 00041611  |r 2011-02-08  |s 2011-02-02  |w 2009-11-10  |y BK